Представление документа в формате MARC21

Поле Инд. ПП Название Значение
Тип записи a
Библиографический уровень m
001 Контрольный номер ed6be1afed0242b182b8224523852fc5
005 Дата корректировки 20260402151725.5
022 0_ a ISSN 1995-0144
040 a Служба первич. каталог. НБ ТвГУ
b Код языка каталог. rus
e Правила каталог. PSBO
041 0_ a Код языка текста rus
080 a Индекс УДК 34(051.2)
084 a Индекс другой классификации/Индекс ББК Х.я52
090 a Полочн. индекс Х.я52
x Авторский знак Т 26
097 b Оператор Semenova.ZR
110 2_ a Организация/ юрисдикция Тверской государственный университет
245 10 a Заглавие Вестник Тверского государственного университета. Серия "Право"
n Номер части/ раздела № 1 (85)
b Продолж. заглавия научный журнал
c Ответственность Тверской государственный университет ; редакционная коллегия: О. Ю. Ильина (главный редактор) и [др.].
246 00 a Другая форма заглавия Серия "Право"
246 03 a Другая форма заглавия Серия Право
246 03 a Другая форма заглавия Право
260 c Дата издания 2026
a Место издания Тверь
b Издательство Тверской государственный университет
300 a Объем 248 с.
440 _0 a Серия Право
v N тома № 1(85), 2026
x ISSN серии 1995-0144
500 a Примечание Анот. на англ. яз.
504 a Библиография Библиогр. в конце ст.
653 0_ a Ключевые слова Право
a Ключевые слова Вестники
a Ключевые слова Журналы
a Ключевые слова Труды Тверского государственного университета
a Ключевые слова Частное право
a Ключевые слова Семейное право
a Ключевые слова Гражданское право
a Ключевые слова Конституционное право
a Ключевые слова Конституционный суд
700 12 a Другие авторы Ильина Ольга Юрьевна
e Роль лиц Редактор
901 t Тип документа m
920 a Оператор Семен
a Оператор Бочк
930 a Новая/Ретро новая
952 c Вид литературы К рн
954 b Дата поступления в ОК 20260331
a Дата поступления на обработку 20260402